000 00665cam a2200169 a 4500
020 _a2831703603
040 _cUk
082 0 0 _a634 IUC 1996 C156 Or.
245 0 0 _aCommunities and forest management :
_ba report of the IUCN Working Group on Community Involvement in Forest Management with recommendations to the Intergovernmental Panel on Forests /
260 _aWashington, D.C., USA :
_bIUCN,
_cc1996.
300 _aiii, 44 p. :
_bmaps ;
_c28 cm.
650 0 _aForest management.
700 1 _aPoffenberger, Mark,
710 2 _aIUCN Working Group on Community Involvement in Forest Management.
710 2 _aIntergovernmental Panel on Forests.
942 _cAEDBB
999 _c18948
_d18948